000 00672nam a2200229Ia 4500
001 9144
003 GE_BSU
008 181216s||||||||xx |||||||||||||| ||und||
040 _cGE_BSU
080 _a821.353.1-32
100 _aლომიძე,ანდრო
245 _aახალი გრძნობა
245 _bმოთხრობები
245 _cრედ. დ.ბენაშვილი
260 _aთბილისი
260 _bსაბჭ.მწერალი
260 _c1944
300 _a62გვ.15სმ.
653 _aახალი გრძნობა
653 _aმოთხრობები
942 _cBK
999 _c42448
_d42448